| 000 | 00779nam a2200253 a 4500 | ||
|---|---|---|---|
| 001 | 000017422 | ||
| 003 | DO-SdBNP | ||
| 005 | 20240530073918.0 | ||
| 007 | ta | ||
| 008 | 100324s1970 dr r 000 0 spa d | ||
| 040 |
_aDO-SdBNP _bspa _cBNPHU |
||
| 082 | 4 |
_aRD863.42 _bM358o, 1970 _222 |
|
| 100 | 1 |
_aMarrero Aristy, Ramón, _d1913-1959 _922324 |
|
| 245 | 1 | 0 |
_aOver : _bnovela / _cRamón Marrero Aristy. |
| 260 |
_aSanto Domingo : _bLibrería Hispaniola, _c1970. |
||
| 300 |
_a224 p. ; _c20 cm. |
||
| 490 | 1 |
_aPensamiento Dominicano _v26 |
|
| 590 | _aInventariado, 2019 / DG | ||
| 650 | 0 |
_aNovela dominicana _9223 |
|
| 650 | 0 |
_aLiteratura dominicana. _967 |
|
| 830 | 0 |
_aPensamiento Dominicano _n26 _938109 |
|
| 910 | _aValidado. Control de calidad. MMOLINA | ||
| 942 |
_2ddc _cLBS1 |
||
| 999 |
_c16947 _d16947 |
||